| 000 | 02107nam0a2200397 4500 | ||
|---|---|---|---|
| 001 | RU\NLR\bibl\1767595 | ||
| 005 | 20260407071133.0 | ||
| 010 |
_a978-5-88060-235-3 _92000 |
||
| 021 |
_aRU _b2011-29014 _92060 |
||
| 035 | _a(nilc)RSL-KNO-004933144 | ||
| 035 | _a(NLR Aleph) 001758385 | ||
| 090 |
_a1562784 _c1562784 |
||
| 100 | _a20110425d2011 |||y0rusy50 ca | ||
| 101 | 0 | _arus | |
| 102 | _aRU | ||
| 105 | _ay ||||||||| | ||
| 200 | 1 |
_aЕпархиальные реформы _fигумен Савва (Тутунов) |
|
| 210 |
_aМосква _cКруглый стол по религиозному образованию и диаконии _cДуховная библиотека _d2011 |
||
| 215 |
_a495 с. _d22 |
||
| 225 | 1 |
_aСерия: Церковные реформы _iДискуссии в Православной Российской Церкви начала ХХ века _iПоместный Собор 1917 - 1918 гг. и предсоборный период _fнауч. ред.: протоиер. Николай Балашов |
|
| 300 | _aНа обл. и кор. загл. сер.: Поместный Собор 1917-1918 | ||
| 320 | _aБиблиогр.: с. 459-477 и в подстроч. примеч. | ||
| 320 | _aУказ.: с. 479-488 | ||
| 601 | 0 | 2 |
_aРусская православная церковь _bПоместный собор _d1 _eМосква, город _f1917 - 1918 _92583167 _3RU\NLR\auth\661526950 |
| 686 |
_aЭ372.24-371.1-014.2"1917-1918",0 _2rubbk |
||
| 686 | _aЭ372.24-371.1-014.2 "11917 - 1918" | ||
| 700 | 0 |
_4070 _7ca _8rus _aСавва _cТутунов, Сергей Андреевич _cигумен _f1978- _990057 _3RU\NLR\AUTH\77107132 |
|
| 712 | 0 | 2 |
_aРусская православная церковь _bПоместный собор _d1 _eМосква _f1917-1918 _9567663 _3RU\NLR\AUTH\8810034684 |
| 801 | 0 |
_aRU _bRuMoRKP _c20110425 _grcr |
|
| 801 | 1 |
_aRU _bРГБ _c20110425 |
|
| 801 | 2 |
_aRU _bNLR _c20110511 _grcr |
|
| 942 | _cBOOK | ||
| 980 | _aNB | ||
| 980 | _aNBR | ||